<?xml version="1.0" encoding="UTF-8"?>
<marc:record xmlns:marc="http://www.loc.gov/MARC21/slim">
   <marc:leader>00000nam a2200000 a 4500</marc:leader>
   <marc:datafield ind1="1" ind2=" " tag="100">
      <marc:subfield code="a">Mantel, Hilary</marc:subfield>
      <marc:subfield code="4">aut</marc:subfield>
      <marc:subfield code="e">Verfasser/-in</marc:subfield>
   </marc:datafield>
   <marc:datafield ind1=" " ind2=" " tag="653">
      <marc:subfield code="a">Anna Boleyn</marc:subfield>
   </marc:datafield>
   <marc:datafield ind1=" " ind2=" " tag="653">
      <marc:subfield code="a">historisch</marc:subfield>
   </marc:datafield>
   <marc:datafield ind1=" " ind2=" " tag="653">
      <marc:subfield code="a">Henry VIII</marc:subfield>
   </marc:datafield>
   <marc:datafield ind1="0" ind2="0" tag="245">
      <marc:subfield code="a">Bring up the bodies</marc:subfield>
   </marc:datafield>
   <marc:datafield ind1="0" ind2="0" tag="245">
      <marc:subfield code="c">Hilary Mantel</marc:subfield>
   </marc:datafield>
   <marc:datafield ind1=" " ind2="1" tag="264">
      <marc:subfield code="a">London</marc:subfield>
      <marc:subfield code="b">Fourth Estate</marc:subfield>
      <marc:subfield code="c">2013</marc:subfield>
   </marc:datafield>
   <marc:datafield ind1="1" ind2=" " tag="520">
      <marc:subfield code="a">Hilary Mantel becomes the first British author and the first woman to be awarded two Man Booker Prizes, as well as being the first to win with two consecutive novels. Continuing what began in the Man Booker Prize-winning WOLF HALL, we return to the court of Henry VIII, to witness the irresistible rise of Thomas Cromwell as he contrives the destruction of Anne Boleyn. By 1535 Cromwell is Chief Minister to Henry, his fortunes having risen with those of Anne Boleyn. But the split from the Catholic Church has left England dangerously isolated, and Anne has failed to give the king an heir. Cromwell watches as Henry falls for plain Jane Seymour. Negotiating the politics of the court, Cromwell must find a solution that will satisfy Henry, safeguard the nation and secure his own career. But neither minister nor king will emerge unscathed from the bloody theatre of Anne's final days. An astounding literary accomplishment, BRING UP THE BODIES is the story of this most terrifying moment of history, by one of our greatest living novelists.</marc:subfield>
   </marc:datafield>
   <marc:datafield ind1=" " ind2=" " tag="020">
      <marc:subfield code="a">9780007480029</marc:subfield>
      <marc:subfield code="9">9780007480029</marc:subfield>
   </marc:datafield>
   <marc:datafield ind1=" " ind2=" " tag="041">
      <marc:subfield code="a">eng</marc:subfield>
   </marc:datafield>
   <marc:datafield ind1=" " ind2=" " tag="300">
      <marc:subfield code="a">XXI, 485 S. : graph.</marc:subfield>
   </marc:datafield>
</marc:record>
